<?xml version="1.0" encoding="UTF-8"?>
<record
    xmlns:xsi="http://www.w3.org/2001/XMLSchema-instance"
    xsi:schemaLocation="http://www.loc.gov/MARC21/slim http://www.loc.gov/standards/marcxml/schema/MARC21slim.xsd"
    xmlns="http://www.loc.gov/MARC21/slim">

  <leader>00715nam a22002177a 4500</leader>
  <datafield tag="999" ind1=" " ind2=" ">
    <subfield code="c">159061</subfield>
    <subfield code="d">159061</subfield>
  </datafield>
  <controlfield tag="006">a|||||f|||| 00| 0 </controlfield>
  <controlfield tag="007">tc</controlfield>
  <controlfield tag="008">180713b        xxu|||||f|||| 00| 0 eng d</controlfield>
  <datafield tag="010" ind1=" " ind2=" ">
    <subfield code="a">B-218223-B-218232</subfield>
  </datafield>
  <datafield tag="020" ind1=" " ind2=" ">
    <subfield code="c">447.00(per set)</subfield>
  </datafield>
  <datafield tag="035" ind1=" " ind2=" ">
    <subfield code="a">B-218223</subfield>
  </datafield>
  <datafield tag="037" ind1=" " ind2=" ">
    <subfield code="b">A.I.C.B.</subfield>
  </datafield>
  <datafield tag="082" ind1=" " ind2=" ">
    <subfield code="a">N</subfield>
  </datafield>
  <datafield tag="100" ind1=" " ind2=" ">
    <subfield code="a">Rowling, J.K.</subfield>
  </datafield>
  <datafield tag="245" ind1=" " ind2=" ">
    <subfield code="a">Harry Potter And The Prisoner of Azkban</subfield>
    <subfield code="c">by J.K. Rowling</subfield>
  </datafield>
  <datafield tag="260" ind1=" " ind2=" ">
    <subfield code="a">New Delhi</subfield>
    <subfield code="b">A.I.C.B.</subfield>
    <subfield code="c">N.D.</subfield>
  </datafield>
  <datafield tag="270" ind1=" " ind2=" ">
    <subfield code="a">Sector-5, Rohini, </subfield>
    <subfield code="b">New Delhi</subfield>
    <subfield code="e">110085</subfield>
  </datafield>
  <datafield tag="300" ind1=" " ind2=" ">
    <subfield code="a">5V., various pages</subfield>
    <subfield code="c">30cm(HB)</subfield>
  </datafield>
  <datafield tag="942" ind1=" " ind2=" ">
    <subfield code="2">ddc</subfield>
    <subfield code="c">BRLEN</subfield>
    <subfield code="h">N</subfield>
    <subfield code="m">ROW</subfield>
  </datafield>
  <datafield tag="952" ind1=" " ind2=" ">
    <subfield code="0">0</subfield>
    <subfield code="1">0</subfield>
    <subfield code="3">V.- 1</subfield>
    <subfield code="4">0</subfield>
    <subfield code="7">0</subfield>
    <subfield code="8">FIC</subfield>
    <subfield code="a">BRL</subfield>
    <subfield code="b">BRL</subfield>
    <subfield code="d">2007-10-24</subfield>
    <subfield code="e">2355/24-10-2007</subfield>
    <subfield code="g">477.00</subfield>
    <subfield code="l">0</subfield>
    <subfield code="o">N ROW</subfield>
    <subfield code="p">B-218223</subfield>
    <subfield code="r">2018-11-28 00:00:00</subfield>
    <subfield code="t">1</subfield>
    <subfield code="w">2018-11-28</subfield>
    <subfield code="y">BRLEN</subfield>
  </datafield>
  <datafield tag="952" ind1=" " ind2=" ">
    <subfield code="0">0</subfield>
    <subfield code="1">0</subfield>
    <subfield code="3">V.- 2</subfield>
    <subfield code="4">0</subfield>
    <subfield code="7">0</subfield>
    <subfield code="8">FIC</subfield>
    <subfield code="a">BRL</subfield>
    <subfield code="b">BRL</subfield>
    <subfield code="d">2007-10-24</subfield>
    <subfield code="e">2355/24-10-2007</subfield>
    <subfield code="g">477.00</subfield>
    <subfield code="l">0</subfield>
    <subfield code="o">N ROW</subfield>
    <subfield code="p">B-218224</subfield>
    <subfield code="r">2018-11-28 00:00:00</subfield>
    <subfield code="t">1</subfield>
    <subfield code="y">BRLEN</subfield>
  </datafield>
  <datafield tag="952" ind1=" " ind2=" ">
    <subfield code="0">0</subfield>
    <subfield code="1">0</subfield>
    <subfield code="3">V.- 3</subfield>
    <subfield code="4">0</subfield>
    <subfield code="7">0</subfield>
    <subfield code="8">FIC</subfield>
    <subfield code="a">BRL</subfield>
    <subfield code="b">BRL</subfield>
    <subfield code="d">2007-10-24</subfield>
    <subfield code="e">2355/24-10-2007</subfield>
    <subfield code="g">477.00</subfield>
    <subfield code="l">0</subfield>
    <subfield code="o">N ROW</subfield>
    <subfield code="p">B-218225</subfield>
    <subfield code="r">2018-11-28 00:00:00</subfield>
    <subfield code="t">1</subfield>
    <subfield code="y">BRLEN</subfield>
  </datafield>
  <datafield tag="952" ind1=" " ind2=" ">
    <subfield code="0">0</subfield>
    <subfield code="1">0</subfield>
    <subfield code="3">V.- 4</subfield>
    <subfield code="4">0</subfield>
    <subfield code="7">0</subfield>
    <subfield code="8">FIC</subfield>
    <subfield code="a">BRL</subfield>
    <subfield code="b">BRL</subfield>
    <subfield code="d">2007-10-24</subfield>
    <subfield code="e">2355/24-10-2007</subfield>
    <subfield code="g">477.00</subfield>
    <subfield code="l">0</subfield>
    <subfield code="o">N ROW</subfield>
    <subfield code="p">B-218226</subfield>
    <subfield code="r">2018-11-28 00:00:00</subfield>
    <subfield code="t">1</subfield>
    <subfield code="y">BRLEN</subfield>
  </datafield>
  <datafield tag="952" ind1=" " ind2=" ">
    <subfield code="0">0</subfield>
    <subfield code="1">0</subfield>
    <subfield code="3">V.- 5</subfield>
    <subfield code="4">0</subfield>
    <subfield code="7">0</subfield>
    <subfield code="8">FIC</subfield>
    <subfield code="a">BRL</subfield>
    <subfield code="b">BRL</subfield>
    <subfield code="d">2007-10-24</subfield>
    <subfield code="e">2355/24-10-2007</subfield>
    <subfield code="g">477.00</subfield>
    <subfield code="l">0</subfield>
    <subfield code="o">N ROW</subfield>
    <subfield code="p">B-218227</subfield>
    <subfield code="r">2018-11-28 00:00:00</subfield>
    <subfield code="t">1</subfield>
    <subfield code="y">BRLEN</subfield>
  </datafield>
  <datafield tag="952" ind1=" " ind2=" ">
    <subfield code="0">0</subfield>
    <subfield code="1">0</subfield>
    <subfield code="3">V.- 1</subfield>
    <subfield code="4">0</subfield>
    <subfield code="7">0</subfield>
    <subfield code="8">FIC</subfield>
    <subfield code="a">BRL</subfield>
    <subfield code="b">BRL</subfield>
    <subfield code="d">2007-10-24</subfield>
    <subfield code="e">2355/24-10-2007</subfield>
    <subfield code="g">477.00</subfield>
    <subfield code="l">0</subfield>
    <subfield code="o">N ROW</subfield>
    <subfield code="p">B-218228</subfield>
    <subfield code="r">2018-11-28 00:00:00</subfield>
    <subfield code="t">1</subfield>
    <subfield code="w">2018-11-28</subfield>
    <subfield code="y">BRLEN</subfield>
  </datafield>
  <datafield tag="952" ind1=" " ind2=" ">
    <subfield code="0">0</subfield>
    <subfield code="1">0</subfield>
    <subfield code="3">V.- 2</subfield>
    <subfield code="4">0</subfield>
    <subfield code="7">0</subfield>
    <subfield code="8">FIC</subfield>
    <subfield code="a">BRL</subfield>
    <subfield code="b">BRL</subfield>
    <subfield code="d">2007-10-24</subfield>
    <subfield code="e">2355/24-10-2007</subfield>
    <subfield code="g">477.00</subfield>
    <subfield code="l">0</subfield>
    <subfield code="o">N ROW</subfield>
    <subfield code="p">B-218229</subfield>
    <subfield code="r">2018-11-28 00:00:00</subfield>
    <subfield code="t">1</subfield>
    <subfield code="y">BRLEN</subfield>
  </datafield>
  <datafield tag="952" ind1=" " ind2=" ">
    <subfield code="0">0</subfield>
    <subfield code="1">0</subfield>
    <subfield code="3">V.- 3</subfield>
    <subfield code="4">0</subfield>
    <subfield code="7">0</subfield>
    <subfield code="8">FIC</subfield>
    <subfield code="a">BRL</subfield>
    <subfield code="b">BRL</subfield>
    <subfield code="d">2007-10-24</subfield>
    <subfield code="e">2355/24-10-2007</subfield>
    <subfield code="g">477.00</subfield>
    <subfield code="l">0</subfield>
    <subfield code="o">N ROW</subfield>
    <subfield code="p">B-218230</subfield>
    <subfield code="r">2018-11-28 00:00:00</subfield>
    <subfield code="t">1</subfield>
    <subfield code="y">BRLEN</subfield>
  </datafield>
  <datafield tag="952" ind1=" " ind2=" ">
    <subfield code="0">0</subfield>
    <subfield code="1">0</subfield>
    <subfield code="3">V.- 4</subfield>
    <subfield code="4">0</subfield>
    <subfield code="7">0</subfield>
    <subfield code="8">FIC</subfield>
    <subfield code="a">BRL</subfield>
    <subfield code="b">BRL</subfield>
    <subfield code="d">2007-10-24</subfield>
    <subfield code="e">2355/24-10-2007</subfield>
    <subfield code="g">477.00</subfield>
    <subfield code="l">0</subfield>
    <subfield code="o">N ROW</subfield>
    <subfield code="p">B-218231</subfield>
    <subfield code="r">2018-11-28 00:00:00</subfield>
    <subfield code="t">1</subfield>
    <subfield code="y">BRLEN</subfield>
  </datafield>
  <datafield tag="952" ind1=" " ind2=" ">
    <subfield code="0">0</subfield>
    <subfield code="1">0</subfield>
    <subfield code="3">V.- 5</subfield>
    <subfield code="4">0</subfield>
    <subfield code="7">0</subfield>
    <subfield code="8">FIC</subfield>
    <subfield code="a">BRL</subfield>
    <subfield code="b">BRL</subfield>
    <subfield code="d">2007-10-24</subfield>
    <subfield code="e">2355/24-10-2007</subfield>
    <subfield code="g">477.00</subfield>
    <subfield code="l">0</subfield>
    <subfield code="o">N ROW</subfield>
    <subfield code="p">B-218232</subfield>
    <subfield code="r">2018-11-28 00:00:00</subfield>
    <subfield code="t">1</subfield>
    <subfield code="y">BRLEN</subfield>
  </datafield>
</record>
